00595nam a2200169Ia 4500008004100000020001800041050002700059100001600086245006800102250001000170260002300180300001800203500010000221650004400321650001800365700004200383120626s9999 xx 000 0 und d a84-252-1489-004aHF5415.I122 S8318 19941 aSWANN, Alan10aDiseño y marketing cAlan Swann; tr. Eugeni Rosell i Miralles a2a Ed aEspaña bG. Gili a144 páginas aContiene: Glosario Índice general índice analítico Traducción de: Design & Marketing17aDISEÑO DE SERVICIOS DE-MERCADOTECNIA 17aMERCADOTECNIA1 aROSELL i Miralles, Eugeni, traductor.